Länder in der Nähe von Myanmar - Eine Minute Sprint - Statistiken

Allgemein
  • Dieses Quiz wurde 70 mal gespielt
  • Das Durchschnittsergebnis liegt bei 14 aus 20
Antwortstatistiken
km Land % Korrekt
0 Indien
98%
0 China
96%
0 Laos
96%
126 Vietnam
93%
0 Thailand
89%
0 Bangladesch
88%
1109 Singapur
84%
539 Indonesien
82%
590 Nepal
82%
405 Malaysia
81%
297 Bhutan
79%
324 Kambodscha
79%
1994 Pakistan
67%
1629 Sri Lanka
60%
1767 Taiwan
54%
1780 Brunei
49%
2055 Philippinen
46%
1576 Mongolei
44%
2179 Kasachstan
12%
2170 Kirgisistan
12%
Keine übereinstimmenden Quizze gefunden
Verteilung der Resultate
Anzahl Personen mit jedem Resultat
Perzentil nach korrekt beantworteten Fragen
Ihre Resultats-Entwicklung
Sie haben dieses Quiz noch nicht gespielt